Business Law

Bibliographic Details
Format: Book

MARC

LEADER 00000cam a2200000 7i4500
001 0000008263
002 000009009
005 20000330.0
020 |a 1859410413 
090 0 0 |a 344.20666   |b KEL 
245 1 0 |a Business Law 
999 |a 047530   |b BUKU   |c PINJAMAN   |e PERPUSTAKAAN KOMUNITI PETALING JAYA